| 000 | 00546nam a22001457a 4500 | ||
|---|---|---|---|
| 020 | _a0-671-04146-0 | ||
| 082 |
_a823 _bODO/A |
||
| 100 | _aODOM, MEL | ||
| 245 | _aANGEL REDEMPTION | ||
| 260 |
_aNEW YORK _bPOCKET PULSE _c2000 |
||
| 300 | _a305 | ||
| 520 | _aThe Weeping Angels are an ancient race of terrible power. With the ability to propel their victims backwards in time, their true form is a mystery - they turn to stone on sight. So they wander the universe, cursed never to see one another. | ||
| 650 |
_aNOVEL _zUNITED STATES |
||
| 942 | _cBK | ||
| 999 |
_c3614 _d3614 |
||